Standard method of measurement of building works: draft (Record no. 94479)

MARC details
000 -LEADER
fixed length control field 00550cam a2200193 4500
001 - CONTROL NUMBER
control field D1160
008 - FIXED-LENGTH DATA ELEMENTS--GENERAL INFORMATION
fixed length control field 090401t1958 xxu||||| |||| 00| 0 eng d
035 ## - SYSTEM CONTROL NUMBER
System control number (Sirsi) u62759
041 ## - LANGUAGE CODE
Language code of text/sound track or separate title eng
050 ## - LIBRARY OF CONGRESS CALL NUMBER
Classification number 692.30994
110 ## - MAIN ENTRY--CORPORATE NAME
Corporate name or jurisdiction name as entry element Australian Institute of Quantity Surveyors
9 (RLIN) 2261
245 ## - TITLE STATEMENT
Title Standard method of measurement of building works: draft
260 ## - PUBLICATION, DISTRIBUTION, ETC.
Place of publication, distribution, etc. Crows Nest, NSW
Name of publisher, distributor, etc. Australian Institute of Quantity Surveyo
Date of publication, distribution, etc. 1958
300 ## - PHYSICAL DESCRIPTION
Extent ii. 82p. 23cm
350 ## - PRICE (NR) (BK AM CF MU VM SE) [OBSOLETE]
Price 0
520 ## - SUMMARY, ETC.
Summary, etc. Filed at SMM 1958/2B
942 ## - ADDED ENTRY ELEMENTS (KOHA)
Suppress in OPAC 0
948 ## - LOCAL PROCESSING INFORMATION (OCLC); SERIES PART DESIGNATOR (RLIN)
c (OCLC) 04/03/1997
Holdings
Withdrawn status Lost status Source of classification or shelving scheme Damaged status Not for loan Home library Current library Shelving location Date acquired Total Checkouts Full call number Barcode Date last seen Copy number Price effective from Koha item type
    Other/Generic Classification Scheme     London London Gallery 15/01/1992   SMM 1958/2 30032192 06/08/2019 1 06/08/2019 Reference material